000 00833nam2a22002051 4500
001 v19\rc\2059099
005 20250620024116.0
035 _a(NLR Aleph) 005136186
090 _a4757458
_c4757458
100 _a20081111d1909 |||y0rusy50 ca
101 0 _arus
102 _aRU
105 _ay z |||||
200 0 _a... за 1909-10 год
461 0 _1001v19\rc\2059097
_12001#$aОтчет Детского сада при Борисо-Глебском братстве...$v... за 1909-10 год
_94757440
_aКиевское Борисо-Глебское братство
_cКиев
_d1909
_tОтчет Детского сада при Борисо-Глебском братстве...
_v... за 1909-10 год
801 0 _aRU
_bNLR
_gpsbo
801 1 _aRU
_bProSoft-M
_2rusmarc
852 _aNLR
_j19.49.4.33(2)
942 _cBOOK
980 _aNB